| 000 | 004270000a22001690004500 | ||
|---|---|---|---|
| 003 | MACL | ||
| 005 | 20160102121432.0 | ||
| 008 | 160102b xxu||||| |||| 00| 0 eng d | ||
| 040 |
_aMACL _cMACL |
||
| 041 | _aEnglish | ||
| 082 | _a612.8/KIM | ||
| 100 |
_aKimmins, C W _926885 |
||
| 245 | _aChildrens Dreams | ||
| 260 |
_bLongman's Green And Co _c1920 _aLondon |
||
| 650 |
_aMedical Science _926886 |
||
| 942 |
_cBK _k612.8/KIM _2ddc |
||
| 999 |
_c38215 _d38215 |
||